书目信息 |
| 题名: |
爆破工程与安全技术
|
|
| 作者: | 庙延钢 , 栾龙发 主编 | |
| 分册: | ||
| 出版信息: | 北京 化学工业出版社 2007.07 |
|
| 页数: | 274页 | |
| 开本: | 26cm | |
| 丛书名: | ||
| 单 册: | ||
| 中图分类: | TB41 | |
| 科图分类: | ||
| 主题词: | 爆破技术--bao po ji shu--技术教育--教材 | |
| 电子资源: | ||
| ISBN: | 978-7-122-00520-5 | |
| 000 | 01052nam0 2200265 450 | |
| 001 | 012008159962 | |
| 005 | 20080127135713.51 | |
| 010 | @a978-7-122-00520-5@dCNY42.00 | |
| 100 | @a20080127d2007 em y0chiy0120 ea | |
| 101 | 0 | @achi |
| 102 | @aCN@b110000 | |
| 105 | @aa a 000yy | |
| 106 | @ar | |
| 200 | 1 | @a爆破工程与安全技术@Abao po gong cheng yu an quan ji shu@f庙延钢, 栾龙发主编@Fmiao yan gang,luan long fa zhu bian |
| 210 | @a北京@c化学工业出版社@d2007.07 | |
| 215 | @a274页@c图@d26cm | |
| 300 | @a爆破作业人员培训教材 | |
| 320 | @a有书目 (第273-274页) | |
| 330 | @a本书介绍了各类爆破工程作业人员的职责、工业炸药、起爆器材及起爆方法,各种爆破器材安全管理的规定,较为系统地论述了岩石爆破作用原理、地下爆破工程、煤矿矿井爆破工程、露天爆破工程及建(构)筑物拆除爆破技术与方法,并列举了一些相应的爆破工程实例。 | |
| 606 | 0 | @a爆破技术@Abao po ji shu@x技术教育@j教材 |
| 690 | @aTB41@v4 | |
| 701 | 0 | @a庙延钢@Amiao yan gang@4主编 |
| 701 | 0 | @a栾龙发@Aluan long fa@4主编 |
| 801 | 0 | @aCN@bQSSK@c20080127 |
| 905 | @b280934-35@dTB41@eM744@f2 | |
| 爆破工程与安全技术/庙延钢, 栾龙发主编.-北京:化学工业出版社,2007.07 |
| 274页:图;26cm |
| 爆破作业人员培训教材 |
| ISBN 978-7-122-00520-5:CNY42.00 |
| 本书介绍了各类爆破工程作业人员的职责、工业炸药、起爆器材及起爆方法,各种爆破器材安全管理的规定,较为系统地论述了岩石爆破作用原理、地下爆破工程、煤矿矿井爆破工程、露天爆破工程及建(构)筑物拆除爆破技术与方法,并列举了一些相应的爆破工程实例。 |
| ● |
| 相关链接 |
|
|
|
正题名:爆破工程与安全技术
索取号:TB41/M744
 
预约/预借
| 序号 | 登录号 | 条形码 | 馆藏地/架位号 | 状态 | 备注 |
| 1 | 280934 | 202809345 | 自科库501/501自科库 15排1列5层/ [索取号:TB41/M744] | 在馆 | |
| 2 | 280935 | 202809354 | 自科库501/501自科库 15排1列5层/ [索取号:TB41/M744] | 在馆 |